The Manufacture of Madness : A Comparative Study of the Inquisition and the Mental Health Movement /

Guardado en:
Detalles Bibliográficos
Autor principal: Szasz, Thomas S. (autor)
Formato: Libro
Idioma:Inglés
Publicado: Londres, Inglaterra : Paladin, 1973, c1970
Etiquetas: Agrega una etiqueta
Sin etiquetas, Sé el primero en etiquetar este registro!

MARC

LEADER 00000nam^a2200000^a^4500
001 000432122
005 20250526000000.0
009 20260310123005.873
020 |a 0-586-08154-2 
037 |a Acervo ITESO - Biblioteca 
041 |a ING 
091 |a FHM. 05867 
100 |a Szasz, Thomas S.  |e (autor) 
245 1 4 |a The Manufacture of Madness :  |b A Comparative Study of the Inquisition and the Mental Health Movement / 
264 4 |a Londres, Inglaterra :  |b Paladin,  |c 1973, c1970 
300 |a 413 p. ;  |c 19.5 cm. 
336 |a texto  |b txt  |2 rdacontenido 
337 |a sin mediación  |b n  |2 rdamedio 
338 |a volumen  |b nc  |2 rdasoporte 
649 |a XX 
910 |a Fondo Hugo B. Margáin 
920 |a Impresos - Libros 
930 |a Libros Antiguos y Raros 
905 |a 126 
901 |a 0500305902  |b IT2  |c LRA  |i D108361  |u 20250526 
902 |a https://opac.biblio.iteso.mx/vufind/Record/000432122